Stolice województw Polski według sąsiedztwa - Statystyki

Ogólne statystyki
  • Ten quiz został rozwiązany 311 razy
  • Średni wynik to 14 z 18
Odpowiedzi na mapie
Odpowiedzi zakodowano w zielono-czerwonej skali na mapie do tego quizu, zgodnie z poniższymi procentami.
 
Statystyki odpowiedzi
Stolica % Poprawnych
Łódź
91%
Bydgoszcz
89%
Gorzów Wielkopolski
87%
Kraków
87%
Warszawa
87%
Kielce
85%
Poznań
85%
Opole
83%
Toruń
81%
Zielona Góra
78%
Katowice
77%
Gdańsk
76%
Wrocław
76%
Szczecin
71%
Lublin
65%
Białystok
64%
Olsztyn
61%
Rzeszów
58%
Nie znaleziono quizów pasujących do podanych kryteriów
Rozkład punktacji
Procent ludzi z każdym wynikiem
Percentyl według liczby udzielonych odpowiedzi
Twoja historia wyników
Nie rozwiązałeś tego quizu